Mathématiciens et scientifiques - Nom - Statistiques

Statistiques générales
  • Ce quiz a été pris 40 fois
  • Le résultat moyen est 3 sur 9
Statistiques - réponses
Par images Réponse % Correct
Isaac Newton
97%
Leonhard Euler
56%
Joseph Fourier
33%
Pierre-Simon de Laplace
33%
Paul Dirac
25%
Joseph-Louis Lagrange
17%
Pafnouti Tchebytchev
8%
Carl Runge
3%
Maxim Voichiţa
3%
Aucun quiz correspondant
Distribution des résultats
% des personnes avec chaque résultat
Percentile par nombre de réponses
Votre historique - résultats
Vous n’avez pas pris ce quiz